000 00664nab a2200193 4500
001 244442
003 OSt
005 20260216103310.0
007 tu
008 260216s2020|||||||
040 _aDE-2950
_cDE-2950
245 0 0 _aZweite Brücke wird geprüft
_bVerkehr. Frankfurt und Slubice lassen eine Machbarkeitsstudie für weitere Oderbrücken erarbeiten. Auch eine Brücke nur für Fußgänger und Radler ist möglich/
_cThomas Gutke
264 _c2025
653 _aFrankfurt (Oder)
653 _aMachbarkeitsstudie
653 _aOderbrücke
773 0 _g37. Jahrgang (2026) Nr. 39 vom 16.02.2026 , S. 13 mit Foto
_tMärkische Oderzeitung
942 _2z
_cA
999 _c374304
_d374304